Lucas /

Guardado en:
Autor Principal: Ruel, Francine
Formato: Libro
Publicado: Buenos Aires : Cántaro, 2000.
Series:Aldea Literaria
Materias:
Etiquetas: Agregar Etiqueta
Sin Etiquetas, Sea el primero en etiquetar este registro!
LEADER 00606nam a22002055a 4500
001 CEM.cems018610
005 20180129095412.0
008 130507s2000##################000#0#####d
003 CEMS
020 |a 9507530894 
082 0 4 |a 813.5 
100 1 |a Ruel, Francine 
245 1 0 |a Lucas /  |c Francine Ruel 
260 |a Buenos Aires :  |b Cántaro,  |c 2000. 
490 0 |a Aldea Literaria 
600 1 4 |a Ruel, Frnacine 
653 |a Literatura juvenil 
653 |a Literatura canadiense 
859 |a CEMS  |b BIB. CEMS - Agricultura  |h 813.5  |i R921  |p A2994.17  |t Ej.1 
859 |a CEMS  |b BIB. CEMS - Agricultura  |h 813.5  |i R921  |p A2995.17  |t Ej.2